Brawl Stars v1 - Statystyki

Ogólne statystyki
  • Ten quiz został rozwiązany 66 razy
  • Średni wynik to 9 z 11
Statystyki odpowiedzi
Zadymiarz % Poprawnych
Leon
96%
Spike
96%
Kruk
94%
Draco
81%
Amber
78%
Meg
78%
Sandy
78%
Kit
72%
Chester
70%
Surge
69%
Cordelius
65%
Nie znaleziono quizów pasujących do podanych kryteriów
Rozkład punktacji
Procent ludzi z każdym wynikiem
Percentyl według liczby udzielonych odpowiedzi
Twoja historia wyników
Nie rozwiązałeś tego quizu